| 000 | 00000nam##2200000za#4500 |
| 001 | 9.700295 |
| 003 | CaOODSP |
| 005 | 20210908130106 |
| 007 | cr ||||||||||| |
| 008 | 150407|2015||||xxc|||||o f|0| 0 eng|d |
| 020 | |a978-1-100-25647-4 |
| 040 | |aCaOODSP|beng |
| 043 | |an-cn--- |
| 086 | 1 |aPS64-122/2015E-PDF |
| 110 | 2 |aRoyal Canadian Mounted Police. |
| 245 | 10|aRCMP response to the MacNeil report, January 16, 2015 : |h[electronic resource]|bindependent review - Moncton shooting - June 4, 2014 |
| 260 | |aOttawa - Ontario : |bRoyal Canadian Mounted Police |cc2015. |
| 300 | |a32p.|btables |
| 590 | |a15-06|b2015-02-06 |
| 775 | 08|tRéponse de la GRC au rapport MacNeil 16 janvier 2015 : |w(CaOODSP)9.644192 |
| 856 | 40|ahttp://publications.gc.ca|qPDF|s1.67 MB|uhttps://publications.gc.ca/collections/collection_2015/grc-rcmp/PS64-122-2015-eng.pdf |